Statistics for Countries and US States that start with M

Click here to take the quiz!

General Stats

  • This quiz has been taken 44 times
  • The average score is 21 of 26

Answer Stats

CountryMacau% Correct
CountryMali
95%
US StateMontana
95%
CountryMacedonia
89%
US StateMaine
89%
US StateMassachusetts
89%
US StateMichigan
89%
CountryMadagascar
86%
CountryMauritania
86%
US StateMinnesota
86%
US StateMaryland
84%
CountryMauritius
84%
CountryMexico
84%
US StateMississippi
84%
CountryMonaco
84%
US StateMissouri
81%
CountryMontenegro
81%
CountryMalaysia
78%
CountryMalta
78%
CountryMoldova
78%
CountryMozambique
78%
CountryMalawi
73%
CountryMorocco
73%
CountryMarshall Islands
70%
CountryMongolia
70%
CountryFederated States of Micronesia
65%
CountryMaldives
57%

Score Distribution

Percentile by Number Answered

Percent of People with Each Score

Your Score History

You have not taken this quiz